Knecht oder Statthalter?: das Zivilrecht in Diensten der Wettbewerbsrestitution bei unionsrechtswidrigen Staatsbürgschaften

Saved in:
Bibliographic Details
Main Author: Guski, Roman (Author)
Format: Article (Journal)
Language:German
Published: 2012
In: GPR
Year: 2012, Volume: 9, Issue: 5, Pages: 226-232
ISSN:2364-7205
Online Access: Get full text
Author Notes:Roman Guski

MARC

LEADER 00000caa a2200000 c 4500
001 1443280348
003 DE-627
005 20240705203048.0
007 tu
008 121106s2012 xx ||||| 00| ||ger c
035 |a (DE-627)1443280348 
035 |a (DE-576)373280343 
035 |a (DE-599)BSZ373280343 
035 |a (OCoLC)1340428827 
040 |a DE-627  |b ger  |c DE-627  |e rakwb 
041 |a ger 
084 |a 19  |2 sdnb 
100 1 |a Guski, Roman  |d 1975-  |0 (DE-588)1078376972  |0 (DE-627)838440800  |0 (DE-576)451434404  |4 aut 
245 1 0 |a Knecht oder Statthalter?  |b das Zivilrecht in Diensten der Wettbewerbsrestitution bei unionsrechtswidrigen Staatsbürgschaften  |c Roman Guski 
264 1 |c 2012 
300 |a 7 
336 |a Text  |b txt  |2 rdacontent 
337 |a ohne Hilfsmittel zu benutzen  |b n  |2 rdamedia 
338 |a Band  |b nc  |2 rdacarrier 
773 0 8 |i In  |t GPR  |d Köln : O. Schmidt, 2003  |g 9(2012), 5, Seite 226-232  |w (DE-627)374139881  |w (DE-600)2127226-8  |w (DE-576)108678636  |x 2364-7205  |7 nnas  |a Knecht oder Statthalter? das Zivilrecht in Diensten der Wettbewerbsrestitution bei unionsrechtswidrigen Staatsbürgschaften 
773 1 8 |g volume:9  |g year:2012  |g number:5  |g pages:226-232  |g extent:7  |a Knecht oder Statthalter? das Zivilrecht in Diensten der Wettbewerbsrestitution bei unionsrechtswidrigen Staatsbürgschaften 
776 0 8 |i Erscheint auch als  |n Online-Ausgabe  |a Guski, Roman, 1975 -   |t Knecht oder Statthalter?  |d 2012  |w (DE-627)1521436916  |w (DE-576)451436911 
951 |a AR 
992 |a 20151105 
993 |a Article 
998 |g 1078376972  |a Guski, Roman  |m 1078376972:Guski, Roman  |d 20000  |d 20500  |e 20000PG1078376972  |e 20500PG1078376972  |k 0/20000/  |k 1/20000/20500/  |p 1  |x j  |y j 
999 |a KXP-PPN1443280348  |e 2871477787 
BIB |a Y 
SER |a journal 
JSO |a {"physDesc":[{"extent":"7 S."}],"title":[{"title":"Knecht oder Statthalter?","subtitle":"das Zivilrecht in Diensten der Wettbewerbsrestitution bei unionsrechtswidrigen Staatsbürgschaften","title_sort":"Knecht oder Statthalter?"}],"language":["ger"],"person":[{"family":"Guski","display":"Guski, Roman","role":"aut","given":"Roman"}],"id":{"eki":["1443280348"]},"relHost":[{"language":["ger","eng"],"person":[{"family":"Geibel","role":"edt","given":"Stefan J.","display":"Geibel, Stefan J."},{"family":"Baldus","given":"Christian","role":"edt","display":"Baldus, Christian"}],"origin":[{"dateIssuedDisp":"2003-","publisher":"O. Schmidt ; Verl. Recht u. Wirtschaft ; Sellier, European Law Publ. ; Verl. Recht u. Wirtschaft","publisherPlace":"Köln ; Heidelberg ; München ; Frankfurt, M.","dateIssuedKey":"2003"}],"pubHistory":["1.2003/04 -"],"type":{"bibl":"periodical"},"title":[{"title":"GPR","subtitle":"Zeitschrift für das Privatrecht der Europäischen Union ; European Union private law review ; revuè de droit privé de l'Union européenne","title_sort":"GPR"}],"part":{"issue":"5","pages":"226-232","text":"9(2012), 5, Seite 226-232","volume":"9","extent":"7","year":"2012"},"titleAlt":[{"title":"Zeitschrift für Gemeinschaftsprivatrecht"},{"title":"European community private law review"},{"title":"Revue de droit privé communautaire"},{"title":"GPR / Europäisches Wirtschafts- und Steuerrecht"},{"title":"GPR / Recht der internationalen Wirtschaft"},{"title":"Zeitschrift für das Privatrecht der Europäischen Union"},{"title":"European Union private law review"},{"title":"Revuè de droit privé de l'Union européenne"},{"title":"Zeitschrift für Gemeinschaftsprivatrecht"}],"recId":"374139881","id":{"zdb":["2127226-8"],"eki":["374139881"],"issn":["2364-7205","1612-9229"]},"disp":"Knecht oder Statthalter? das Zivilrecht in Diensten der Wettbewerbsrestitution bei unionsrechtswidrigen StaatsbürgschaftenGPR","physDesc":[{"noteFormat":"30 cm"}]}],"name":{"displayForm":["Roman Guski"]},"recId":"1443280348","type":{"bibl":"article-journal"},"origin":[{"dateIssuedKey":"2012","dateIssuedDisp":"2012"}]} 
SRT |a GUSKIROMANKNECHTODER2012